Normal view
MARC view
Entry Personal Name
001 - CONTROL NUMBER
- control field: 47329
003 - CONTROL NUMBER IDENTIFIER
- control field: ARRUPE
005 - DATE AND TIME OF LATEST TRANSACTION
- control field: 20190719120927.0
008 - FIXED-LENGTH DATA ELEMENTS
- fixed length control field: 190719|| aca||aabn | a|a d
040 ## - CATALOGING SOURCE
- Original cataloging agency: ARRUPE
- Transcribing agency: ARRUPE
100 ## - HEADING--PERSONAL NAME
- Personal name: Nussbaum, Martha C. (ed.) and Sen, Amartya (ed.)
670 ## - SOURCE DATA FOUND
- Source citation: Work cat.: (ARRUPE)19211: The quality of life, 1993